|
|
|
|
| LEADER |
00674ngm a2200205 i 4500 |
| 001 |
eta5694 |
| 005 |
20220215094051.0 |
| 008 |
220215s2022 hu o 0|| eng d |
| 040 |
|
|
|a SZTE Elektronikus Tananyag Archívum
|b hun
|
| 041 |
|
|
|a eng
|
| 100 |
1 |
|
|a Nógrádi Antal
|
| 245 |
1 |
4 |
|a The nerves of the upper limb
|h [elektronikus dokumentum] /
|c Nógrádi Antal
|
| 260 |
|
|
|c 2022-02-14
|
| 516 |
|
|
|a Video
|
| 650 |
|
4 |
|a Orvos- és egészségtudomány
|
| 650 |
|
4 |
|a Általános orvostudomány
|
| 650 |
|
4 |
|a Anatómia és morfológia
|
| 650 |
|
4 |
|a Humán anatómia
|
| 695 |
|
|
|a anatómia
|
| 856 |
4 |
0 |
|u https://eta.bibl.u-szeged.hu/5694/1/104_asc_-_nerves_ot_ulimb.mp4
|z Dokumentum-elérés
|